000 00251nam a2200097Ia 4500
001 1214112
005 20250827024526.0
008 250824s9999 xx 000 0 und d
245 0 _aHAYAT DÜRBÜNÜMDE KIRK SENE
_cAYŞE KULİN
260 _bEVEREST YAYIN
999 _c1214112
_d1214112